000 00369nam a2200145Ia 4500
008 191201s2004 xx 000 0 und d
082 _a005.26
_bUFM
100 _aUFFENBACK, John
245 0 _aMicrocomputers and Microprocessors The 8080, 8085, and Z-80
250 _a3rd
260 _aN.Delhi
_bPHI
_c2004
300 _a729
650 _aB.Tech(CSE)
942 _2ddc
_cBK
999 _c1742
_d1742